Online Catalogue and eLibrary

Dhonkaraya : (Record no. 2472)

MARC details
000 -LEADER
fixed length control field 00398nam a2200157Ia 4500
005 - DATE AND TIME OF LATEST TRANSACTION
control field 20250623021900.0
008 - FIXED-LENGTH DATA ELEMENTS--GENERAL INFORMATION
fixed length control field 240331s9999 xx 000 0 und d
020 ## - INTERNATIONAL STANDARD BOOK NUMBER
ISBN 9559559109
082 ## - DDC Classification
Item Number - Author Mark DHO
Class No. 323
245 #0 - TITLE STATEMENT
Title Dhonkaraya :
Remainder of title yudhabimen upankavi
260 ## - PUBLICATION, DISTRIBUTION, ETC.
Name of publisher, distributor, etc. Seetha Ranjani
Date of publication, distribution, etc. 1993
300 ## - PHYSICAL DESCRIPTION
Extent (e.g. Volumes, Pages etc.) 72 p .,
500 ## - GENERAL NOTE
General note Poems both from the battlefield
700 ## - ADDED ENTRY--PERSONAL NAME
Personal name Ranjani, S.
Relator term (Role) Editor
942 ## - Koha item type (Biblio)
Koha item type Books in Stacks (Lending)
Holdings
Lost status Damaged status Collection code Home library Current library Shelving location Date acquired Full call number Accession Number Item type
    Lending WERC Library WERC Library Social Science Cupboard 03/31/2024 323.4 DHO 2008 Books in Stacks (Lending)

© WERC Library